Statistics for Top 10 goalscorers Serie A 2010's

Click here to take the quiz!

General Stats

  • This quiz has been taken 42 times
  • The average score is 76 of 100

Answer Stats

RankPlayerClubGoals% Correct
4Antonio Di Natale, Gonzalo Higuain, Rodrigo PalacioUdinese, Napoli, Inter17
100%
1Antonio Di NataleUdinese28
97%
2Antonio Di NataleUdinese23
97%
6Antonio Di nataleUdinese14
97%
3Edinson Cavani, Antonio Di NataleNapoli, Udinese23
97%
9Fabio Quagliarella, Diego MilitoJuventus, Inter9
97%
1Mauro Icardi, Ciro ImmobileInter, Lazio29
97%
8Mirko Vucinic, Arturo Vidal, Mauro Icardi, Amauri, Josip IlicicJuventus, Juventus, Sampdoria, Parma, Palermo10
97%
1Ciro ImmobileLazio36
94%
5Ciro ImmobileLazio23
94%
1Ciro ImmobileTorino22
94%
7Ciro Immobile, Andrea BelottiLazio, Torino15
94%
2Cristiano RonaldoJuventus31
94%
4Cristiano RonaldoJuventus21
94%
5Edin Dzeko, Gonzalo HiguainRoma, Juventus16
94%
10Fabio Quagliarella, Jeremie Boga, Ante Rebic, Manolo Gabbiadini, Paulo Dybala, Gianluca Lapadula, Arkadiusz MilikSampdoria, Sassuolo, Milan, Sampdoria, Juventus, Lecce, Napoli11
94%
10Juan Cuadrado, Arturo Vidal, Dries MertensFiorentina, Juventus, Napoli11
94%
1Mauro Icardi, Luca ToniInter, Verona22
94%
7Miroslav Klose, Iago Falque, Fabio Quagliarella, Paulo DybalaLazio, Genoa, Torino, Palermo13
94%
6Rodrigo Palacio, Marco Sau, Marco Borriello, Francesco Totti, Mario BalotelliInter, Cagliari, Genoa, Roma, Milan12
94%
6Edin Dzeko, Andrea BelottiRoma, Torino16
91%
10Fabrizio Miccoli, Alessio Cerci, Ishak Belfodil, Alejandro Gomez, Luca Toni, Antonio CassanoPalermo, Torino, Parma, Catania, Fiorentina, Inter8
91%
3Gonzalo HiguainNapoli18
91%
1Gonzalo HiguainNapoli36
91%
4Gonzalo Higuain, Mauro IcardiJuventus, Inter24
91%
8Mirko Antenucci, Josip Ilicic, Luis Alberto, Leonardo Pavoletti, Ivan Perisic, Duvan ZapataSPAL, Atalanta, Lazio, Cagliari, Inter, Atalanta11
91%
2Paulo DybalaJuventus22
91%
2Paulo DybalaJuventus19
91%
1Zlatan IbrahimovicMilan28
91%
8Alexandre Pato, Robinho, Zlatan IbrahimovicMilan14
89%
2Diego MilitoInter24
89%
2Dries MertensNapoli28
89%
4Dries MertensNapoli18
89%
5Duvan Zapata, Luis Muriel, Joao PedroAtalanta, Atalanta, Cagliari18
89%
1Edin DzekoRoma29
89%
7Hernanes, Adem Ljajic, Luis Muriel, Marek Hamsik, Rolando Bianchi, Cyril ThereauLazio, Fiorentina, Udinese, Napoli, Torino, Chievo11
89%
6Leonardo Pavoletti, Dries Mertens, Francesco Caputo, Andrea PetagnaCagliari, Napoli, Empoli, SPAL16
89%
7Nikola Kalinic, Lorenzo Insigne, Andrea BelottiFiorentina, Napoli, Torino12
89%
2Duvan ZapataAtalanta23
86%
7Francesco TottiRoma15
86%
3Romelu LukakuInter23
86%
5Domenico Berardi, Fernando Llorente, Giuseppe RossiSassuolo, Juventus, Fiorentina16
83%
2Edinson CavaniNapoli26
83%
1Edinson CavaniNapoli29
83%
1Fabio QuagliarellaSampdoria26
83%
3Fabio QuagliarellaSampdoria19
83%
9Gervinho, Stephan El Shaarawy, Gregoire Defrel, Mauro IcardiParma, Roma, Sampdoria, Inter11
83%
9Jose Callejon, Patrick Cutrone, Andrea Belotti, Matteo Politano, Simone VerdiNapoli, Milan, Torino, Sassuolo, Bologna10
83%
6Lorenzo InsigneNapoli18
83%
10Lorenzo InsigneNapoli10
83%
2Luca ToniVerona20
83%
7Marco Borriello, Alejandro Gomez, KeitaCagliari, Atalanta, Lazio16
83%
8Marco Mancosu, Lautaro Martinez, Domenico BerardiLecce, Inter, Sassuolo14
83%
9Mario Mandzukic, Alberto Gilardino, Miralem Pjanic, Antonio CandrevaJuventus, Palermo, Roma, Lazio10
83%
4Erik Lamela, Miroslav Klose,Giampaolo Pazzini, German DenisRoma, Lazio, Milan, Atalanta15
80%
6Massimo Maccarone, Eder, Josip IlicicEmpoli, Sampdoria/Inter, Fiorentina13
80%
4Mauro IcardiInter16
80%
9Antonio Candreva, Antonio Cassano, EderLazio, Parma, Sampdoria12
77%
6Jose Callejon, Alberto Gilardino, PaulinhoNapoli, Genoa, Livorno15
77%
5Manolo Gabbiadini, Domenico BerardiSampdoria/Napoli, Sassuolo15
77%
8Mattia Destro, Miroslav KloseSiena, Lazio12
77%
10Alberto Gilardino, Alexis Sanchez, Andrea CaraccioloFiorentina, Udinese, Brescia12
74%
3Andrea BelottiTorino26
74%
5Arkadiusz MilikNapoli17
74%
7Josip IlicicAtalanta15
74%
8Josip IlicicAtalanta12
74%
10Gregoire Defrel, Luca Rigoni, Mauricio Pinilla, Maxi lopez, Eder, Alberto Paloschi, Stefano MauriCesena, Palermo, Atalanta, Torino, Sampdoria, Chievo, Lazio9
71%
10Marco Di Vaio, Mauricio Pinilla, Alessandro Matri, Antonio NocerinoBologna, Palermo/Cagliari, Juventus, Milan10
71%
8Alessio Cerci, German Denis, Mattia Destro, Alberto PaloschiTorino, Atalanta, Roma, Chievo13
69%
9Felipe Anderson, Massimo Maccarone, Cyrili Thereau, Antonio Candreva, Marco parolo, Franco VazquezLazio, Empoli, Udinese, Lazio, Lazio, Palermo10
69%
5Gonzalo Bergessio, Alberto Gilardino, Stevan JoveticCatania, Bologna, Fiorentina13
69%
9Jose CallejonNapoli14
69%
8Nikola Kalinic, Mohammed SalahFiorentina, Roma15
69%
8Simone Zaza, Jose CallejonSassuolo, Napoli11
69%
3Carlos TevezJuventus19
66%
2Carlos TevezJuventus20
66%
3Krzysztof PiatekGenoa, Milan22
66%
7Mario BalotelliMilan14
66%
3Samuel Eto'oInter21
66%
5Leonardo Pavoletti,, Mohamed SalahGenoa, Roma14
63%
9Andreas Cornelius, Andrea Petagna, Giovanni SimeoneParma, SPAL, Cagliari12
57%
5German Denis, Fabrizio MiccoliAtalanta, Palermo16
57%
6Giampaolo PazziniSampdoria/ Inter17
57%
4Rodrigo PalacioGenoa19
57%
3Stephan El Shaarawy, Pablo OsvaldoMilan, Roma16
57%
4Alessandro MatriCagliari/ Juventus20
54%
5Marco Di VaioBologna19
54%
3Carlos BaccaMilan18
51%
10Carlos Bacca, Diego FalcinelliMilan, Crotone13
51%
9Emanuele Calaiò, David Di Michele, Pablo Osvaldo, Marco RigoniSiena, Lecce, Roma, Novara11
51%
4Francesco CaputoSassuolo21
51%
7Iago Falque, Roberto Inglese, Kevin Lasagna, Sergej Milinkovic-SavicTorino, Chievo, Udinese, Lazio12
49%
6Giovanni SimeoneFiorentina14
40%
10Bryan Cristante, Sami KhediraAtalanta, Juventus9
34%
8Cyril ThereauUdinese11
34%
4Jeremy MenezMilan16
34%
7Stevan JoveticFiorentina14
29%
6Sebastian GiovincoParma15
26%
10Daniel Ciofani, Federico DionisiFrosinone9
23%
9Antonio Floro FloresUdinese/ Genoa13
17%

Score Distribution

Percentile by Number Answered

Percent of People with Each Score

Your Score History

You have not taken this quiz